Macroeconomics . (Record no. 352094)

000 -LEADER
fixed length control field 01333cam a2200349 i 4500
001 - CONTROL NUMBER
control field 17933119
003 - CONTROL NUMBER IDENTIFIER
control field OSt
005 - DATE AND TIME OF LATEST TRANSACTION
control field 20180116183107.0
008 - FIXED-LENGTH DATA ELEMENTS--GENERAL INFORMATION
fixed length control field 131106s2015 nyua 001 0 eng
010 ## - LIBRARY OF CONGRESS CONTROL NUMBER
LC control number 2013043610
020 ## - INTERNATIONAL STANDARD BOOK NUMBER
International Standard Book Number 9780077660772 (student edition : alk. paper)
020 ## - INTERNATIONAL STANDARD BOOK NUMBER
International Standard Book Number 0077660773 (student edition : alk. paper)
020 ## - INTERNATIONAL STANDARD BOOK NUMBER
International Standard Book Number 9780077660628 (instructor's edition : alk. paper)
020 ## - INTERNATIONAL STANDARD BOOK NUMBER
International Standard Book Number 0077660625 (instructor's edition : alk. paper)
040 ## - CATALOGING SOURCE
Original cataloging agency DLC
Language of cataloging eng
Transcribing agency DLC
Description conventions rda
Modifying agency DLC
042 ## - AUTHENTICATION CODE
Authentication code pcc
050 00 - LIBRARY OF CONGRESS CALL NUMBER
Classification number HB172.5
Item number .M3743 2015
082 00 - DEWEY DECIMAL CLASSIFICATION NUMBER
Classification number 339
Edition number 23
100 1# - MAIN ENTRY--PERSONAL NAME
Personal name McConnell, Campbell R.
245 10 - TITLE STATEMENT
Title Macroeconomics .
Remainder of title principles, problems, and policies .
Statement of responsibility, etc. Campbell R. McConnell, University of Nebraska, Stanley L. Brue, Pacific Lutheran University, Sean M. Flynn, Scripps College.
250 ## - EDITION STATEMENT
Edition statement Twentieth Edition.
260 ## - PUBLICATION, DISTRIBUTION, ETC.
Place of publication, distribution, etc. New York
Name of publisher, distributor, etc. McGraw Hill.
Date of publication, distribution, etc. 2015.
300 ## - PHYSICAL DESCRIPTION
Extent xxxvii, 493 pages :
Other physical details color illustrations ;
Dimensions 26 cm
500 ## - GENERAL NOTE
General note Paper Cover.
600 ## - SUBJECT ADDED ENTRY--PERSONAL NAME
Personal name McConnell, Campbell R.
650 #0 - SUBJECT ADDED ENTRY--TOPICAL TERM
Topical term or geographic name entry element Macroeconomics.
700 1# - ADDED ENTRY--PERSONAL NAME
Personal name Brue, Stanley L.,
Dates associated with a name 1945-
700 1# - ADDED ENTRY--PERSONAL NAME
Personal name Flynn, Sean Masaki.
906 ## - LOCAL DATA ELEMENT F, LDF (RLIN)
a 7
b cbc
c orignew
d 1
e ecip
f 20
g y-gencatlg
942 ## - ADDED ENTRY ELEMENTS (KOHA)
Source of classification or shelving scheme
Koha item type Book
Call number prefix 339
Holdings
Withdrawn status Lost status Source of classification or shelving scheme Damaged status Not for loan Collection code Permanent Location Current Location Shelving location Date acquired Total Checkouts Total Renewals Full call number Barcode Checked out Date last seen Date last checked out Price effective from Koha item type
            Central Library (CL) Central Library (CL) General Stacks 09/07/2017 1 3 339 MCC NBS10336 07/09/2021 09/16/2019 12/28/2018 09/07/2017 Book
© 2023 Central Library, National University of Sciences and Technology. All Rights Reserved.